STRUCTURAL STEEL DESIGNER,S / (Record no. 587943)
[ view plain ]
| 000 -LEADER | |
|---|---|
| fixed length control field | 00330nam a22001457a 4500 |
| 027 ## - STANDARD TECHNICAL REPORT NUMBER | |
| Qualifying information | HB. |
| 040 ## - CATALOGING SOURCE | |
| Transcribing agency | FIZZA ISHAQ |
| 082 ## - DEWEY DECIMAL CLASSIFICATION NUMBER | |
| Classification number | 624.1823 |
| Author Mark | ROG |
| 100 ## - MAIN ENTRY--PERSONAL NAME | |
| Personal name | FREDERICK, ROGER. |
| 9 (RLIN) | 89108 |
| 245 ## - TITLE STATEMENT | |
| Title | STRUCTURAL STEEL DESIGNER,S / |
| 250 ## - EDITION STATEMENT | |
| Edition statement | 5th ED. |
| 260 ## - PUBLICATION, DISTRIBUTION, ETC. | |
| Place of publication, distribution, etc. | NEW DEHLI ; |
| Date of publication, distribution, etc. | 2011. |
| 300 ## - PHYSICAL DESCRIPTION | |
| Extent | 416 P. ; |
| 942 ## - ADDED ENTRY ELEMENTS (KOHA) | |
| Source of classification or shelving scheme | |
| Koha item type | Book |
| Withdrawn status | Lost status | Source of classification or shelving scheme | Damaged status | Not for loan | Permanent Location | Current Location | Date acquired | Total Checkouts | Full call number | Barcode | Date last seen | Price effective from | Koha item type |
|---|---|---|---|---|---|---|---|---|---|---|---|---|---|
| NUST Baluchistan Campus (NBC) | NUST Baluchistan Campus (NBC) | 02/17/2022 | 624.1823 ROG | Q-2416 | 02/17/2022 | 02/17/2022 | Book |
